Kreisfreie Städte in Nordrhein-Westfalen - Sudden Death - Statistiken

Allgemein
  • Dieses Quiz wurde 65 mal gespielt
  • Das Durchschnittsergebnis liegt bei 6 aus 14
Answers on the Grid
Answers color-coded by a green-red scale on the quiz's grid according to % correct below.
Bochum
Recklinghausen
Remscheid
Aachen
Paderborn
Bottrop
Münster
Dortmund
Osnabrück
Koblenz
Siegen
Köln
Krefeld
Unterhausen
Troisdorf
Leverkusen
Solingen
Bonn
Castrop-Rauxel
Wattenscheid
Mülheim
Rheine
Hamm
Düren
Hattingen
Moers
Herne
Neuss
Dorsten
Gelsenkirchen
 
Antwortstatistiken
Antwort % Korrekt
Bochum
61%
Bonn
52%
Köln
50%
Dortmund
48%
Münster
48%
Gelsenkirchen
46%
Krefeld
46%
Leverkusen
46%
Solingen
46%
Bottrop
41%
Mülheim
39%
Hamm
37%
Herne
35%
Remscheid
33%
Keine übereinstimmenden Quizze gefunden
Verteilung der Resultate
Anzahl Personen mit jedem Resultat
Perzentil nach korrekt beantworteten Fragen
Ihre Resultats-Entwicklung
Sie haben dieses Quiz noch nicht gespielt